Small scale irrigation dams, agricultural production, and health: theory and evidence from Ethiopia (Record no. 291465)

000 -LEADER
fixed length control field 00530cam a22001457a 4500
008 - FIXED-LENGTH DATA ELEMENTS--GENERAL INFORMATION
fixed length control field 180718b2005 xxu||||| |||| 00| 0 eng d
100 ## - MAIN ENTRY--PERSONAL NAME
Personal name Ersado, Lire
245 ## - TITLE STATEMENT
Title Small scale irrigation dams, agricultural production, and health: theory and evidence from Ethiopia
Statement of responsibility, etc. by Lire Ersado
260 ## - PUBLICATION, DISTRIBUTION, ETC.
Place of publication, distribution, etc. Washington, D.C.
Name of publisher, distributor, etc. World Bank
Date of publication, distribution, etc. 2005
300 ## - PHYSICAL DESCRIPTION
Extent 35p.
440 ## - SERIES STATEMENT/ADDED ENTRY--TITLE
Title Policy research working paper; no. 3494
650 ## - SUBJECT ADDED ENTRY--TOPICAL TERM
Topical term or geographic name entry element Agriculture --Economic aspects --Ethiopia
650 ## - SUBJECT ADDED ENTRY--TOPICAL TERM
Topical term or geographic name entry element Diseases --Ethiopia
650 ## - SUBJECT ADDED ENTRY--TOPICAL TERM
Topical term or geographic name entry element Irrigation --Ethiopia
Holdings
Withdrawn status Lost status Damaged status Not for loan Permanent Location Current Location Date acquired Barcode Date last seen Price effective from Koha item type
        Indian Institute of Public Administration Indian Institute of Public Administration 2005-03-21 WB10253 2018-07-20 2018-07-20 WB

Powered by Koha